First course in programming with C (Record no. 109170)

MARC details
000 -LEADER
fixed length control field 00353nam a2200145Ia 4500
008 - FIXED-LENGTH DATA ELEMENTS--GENERAL INFORMATION
fixed length control field 230917s9999||||xx |||||||||||||| ||und||
040 ## - CATALOGING SOURCE
-- 87832
Original cataloging agency VIVEKANANDA LIBRARY
041 ## - Language
-- English
082 ## - DDC NUMBER
Classification number 005.133 J994F
100 ## - MAIN ENTRY--PERSONAL NAME
Personal name Jeyapoovan, T
245 #0 - TITLE STATEMENT
Title First course in programming with C
260 ## - PUBLICATION, DISTRIBUTION, ETC. (IMPRINT)
Place of publication, distribution, etc New Delhi
Name of publisher, distributor, etc Vikas
Date of publication, distribution, etc 2002
300 ## - PHYSICAL DESCRIPTION
Pages v. p.
942 ## - ADDED ENTRY ELEMENTS (KOHA)
Koha item type Books
Holdings
Withdrawn status Lost status Damaged status Not for loan Location (home branch) Sublocation or collection (holding branch) Shelving location Date acquired Koha issues (times borrowed) Koha full call number Accession No. Koha date last seen Koha item type
        VIVEKANANDA LIBRARY VIVEKANANDA LIBRARY UIET Library 20/02/2006   005.133 J994F 195901 17/09/2023 Books
        VIVEKANANDA LIBRARY VIVEKANANDA LIBRARY   20/02/2006   005.133 J994F 206172 17/09/2023 Books
        VIVEKANANDA LIBRARY VIVEKANANDA LIBRARY UIET Library 20/02/2006   005.133 J994F 225644 17/09/2023 Books
        VIVEKANANDA LIBRARY VIVEKANANDA LIBRARY UIET Library 20/02/2006   005.133 J994F 225645 17/09/2023 Books
        VIVEKANANDA LIBRARY VIVEKANANDA LIBRARY   20/02/2006   005.133 J994F 225646 17/09/2023 Books
        VIVEKANANDA LIBRARY VIVEKANANDA LIBRARY UIET Library 20/02/2006   005.133 J994F 225647 17/09/2023 Books
        VIVEKANANDA LIBRARY VIVEKANANDA LIBRARY UIET Library 20/02/2006   005.133 J994F 225648 17/09/2023 Books
        VIVEKANANDA LIBRARY VIVEKANANDA LIBRARY UIET Library 20/02/2006   005.133 J994F 240066 17/09/2023 Books
        VIVEKANANDA LIBRARY VIVEKANANDA LIBRARY   20/02/2006   005.133 J994F 240067 17/09/2023 Books
        VIVEKANANDA LIBRARY VIVEKANANDA LIBRARY   20/02/2006   005.133 J994F 300684 17/09/2023 Books
        VIVEKANANDA LIBRARY VIVEKANANDA LIBRARY   20/02/2006   005.133 J994F 300685 17/09/2023 Books
© Designed and Maintained by Vivekananda Library, MDU Rohtak